000 00916nam a2200205 a 4500
001 000041104
005 20201002034625.0
008 130917s2000 sp a 001 0 spa d
040 _aDO-SdBNP
_bspa
_cBNPHU
100 1 _aSaquete, José Carlos
_967641
245 1 4 _aLas vírgines vestales :
_bun sacedocio femenino en la religión pública romana /
_cJosé Carlos Saquete.
260 _aMadrid :
_bConsejo Superior de Investigaciones Científicas :
_bInstituto de Historia, Departamento de Historia y Arqueología,
_c2000.
300 _a116 p. :
_bil. ;
_c29 cm.
490 1 _aAnejos de Archivo español de arqueología
_v21
500 _aIncluye índice
504 _aBibliografía: p. 151 -161
710 2 _aConsejo Superior de Investigaciones Científicas
_94786
710 2 _aInstituto de Historia, Departamento de Historia y Arqueología
_967642
830 0 _aAnejos de Archivo español de arqueología
_n21
_967643
999 _c40594
_d40594